Phân tích dự án đầu tư : làm thế nào để dự án của bạn được duyệt

Gespeichert in:
Bibliographische Detailangaben
Format: Buch
Sprache:Undetermined
Veröffentlicht: Thành phố Hồ Chí Minh Trẻ 2005
Schlagworte:
Tags: Tag hinzufügen
Keine Tags, Fügen Sie den ersten Tag hinzu!
Thư viện lưu trữ: Trung tâm Học liệu Trường Đại học Cần Thơ
LEADER 00622nam a2200193Ia 4500
001 CTU_93369
008 210402s9999 xx 000 0 und d
020 |c 23500 
082 |a 332.6 
082 |b Ph121 
245 0 |a Phân tích dự án đầu tư : 
245 0 |b làm thế nào để dự án của bạn được duyệt 
245 0 |c Chương trình phát triển kinh tế tư nhân MPDF 
260 |a Thành phố Hồ Chí Minh 
260 |b Trẻ 
260 |c 2005 
650 |a Investments 
904 |i Năm 
980 |a Trung tâm Học liệu Trường Đại học Cần Thơ